00326nam a2200133Ia 450000500170000000800410001705000240005824500460008226000220012830000210015044000060017152100070017752600080018420140403135234.0140130s9999 xx 000 0 und d aPZ 7b.G9846Ki 1996 cDan GutmanaThe kid who ran for President bScholastic,c1996 a156 p. :c21 cm. v1 aG5 c730